Gaming Quiz

Random Gaming or Board Games Quiz

Monopoly In Order (US or UK) Quiz Stats

Quiz Updated Feb 23, 2016

Challenge
Share
Tweet
Embed
Score 0/40 Timer 05:00
3 Plays Today
Monopoly Square % Correct
GO
98.8%
Mediterranean Avenue/Old Kent Road
78.4%
Baltic Avenue/Whitechapel Road
67.4%
Community Chest
66.1%
In Jail/Just Visiting
60.8%
Reading Railroad/King's Cross Station
60.8%
Income Tax
58.4%
Chance
57.9%
Oriental Avenue/The Angel Islington
55.3%
Free Parking
53.9%
St. Charles Place/Pall Mall
52.7%
Connecticut Avenue/Pentonville Road
51.6%
Boardwalk/Mayfair
51.2%
Electric Company
50.5%
Vermont Avenue/Euston Road
49.6%
Chance
48.9%
Park Place/Park Lane
48.5%
Community Chest
48%
Go To Jail
47.5%
Illinois Avenue/Trafalgar Square
47.4%
Monopoly Square % Correct
Kentucky Avenue/Strand
47.3%
New York Avenue/Vine Street
47%
Indiana Avenue/Fleet Street
46.2%
Pennsylvania Railroad/Marylebone Station
45.8%
B&O Railroad/Fenchurch Street Station
45.8%
Virginia Avenue/Northumberland Avenue
44.3%
St. James Place/Bow Street
44.3%
Marvin Gardens/Piccadilly
42.9%
Water Works
42.9%
Tennessee Avenue/Marlborough Street
41.4%
Luxury Tax/Super Tax
41.3%
Community Chest
40.6%
Pennsylvania Avenue/Bond Street
40.3%
North Carolina Avenue/Oxford Street
40.2%
Chance
39.9%
States Avenue/Whitehall
38.9%
Atlantic Avenue/Leicester Square
38.8%
Short Line/Liverpool Street Station
38.3%
Ventnor Avenue/Coventry Street
38.2%
Pacific Avenue/Regent Street
37.7%

You're not logged in!

Compare scores with friends on all Sporcle quizzes.
Join for Free
OR
Log In

You Might Also Like...

Show Comments

Extras

Top Quizzes Today


Score Distribution

Your Account Isn't Verified!

In order to create a playlist on Sporcle, you need to verify the email address you used during registration. Go to your Sporcle Settings to finish the process.

Report this User

Report this user for behavior that violates our Community Guidelines.

Details: